[Event "CZE-chT2A 1516"]
[Site "Czech Republic"]
[Date "2016.02.07"]
[Round "7.2"]
[White "Sperl, Hynek"]
[Black "Hagarova, Zuzana"]
[Result "0-1"]
[WhiteElo "1989"]
[BlackElo "2378"]
[PlyCount "80"]
[EventDate "2015.10.18"]
[EventType "team-tourn"]
[EventRounds "11"]
[EventCountry "CZE"]
[SourceTitle "EXT 2022"]
[Source "ChessBase"]
[SourceDate "2021.10.06"]
[SourceVersion "1"]
[SourceVersionDate "2021.10.06"]
[SourceQuality "1"]
[WhiteTeam "Plzen Kosutka"]
[BlackTeam "Karlovy Vary Tietz"]
[WhiteTeamCountry "CZE"]
[BlackTeamCountry "CZE"]

1. d4 Nf6 2. c4 c5 3. d5 b5 4. cxb5 a6 5. b6 d6 6. Nc3 g6 7. e4 Bg7 8. Nf3 Nbd7 9. Be2 0-0 10. 0-0 Nxb6 11. Nd2 e6 12. Nc4 exd5 13. exd5 Nxc4 14. Bxc4 Rb8 15. a3 Ng4 16. Be2 Qh4 17. Bxg4 Bxg4 18. Qd3 Be5 19. h3 Bf5 20. Qf3 Rfe8 21. b4 cxb4 22. axb4 Qxb4 23. Bd2 Rec8 24. Rfc1 Qd4 25. Be1 Qc4 26. Ne2 Bxa1 27. Rxc4 Rxc4 28. g4 Be4 29. Qa3 Rb1 30. Kf1 Be5 31. f4 Bf6 32. g5 Bb2 33. Qxa6 Bd3 34. Qa8+ Kg7 35. Qa2 Bxe2+ 36. Kxe2 Re4+ 37. Kd3 Rexe1 38. Qa6 Red1+ 39. Kc2 Rdc1+ 40. Kd3 Rc3+ 0-1

[Event "CZE-chT2A 1415"]
[Site "Czech Republic"]
[Date "2014.11.02"]
[Round "1.5"]
[White "Pospisil, Martin"]
[Black "Sperl, Hynek"]
[Result "1/2-1/2"]
[WhiteElo "2062"]
[BlackElo "2043"]
[PlyCount "46"]
[EventDate "2014.11.02"]
[EventType "team-tourn"]
[EventRounds "11"]
[EventCountry "CZE"]
[SourceTitle "EXT 2022"]
[Source "ChessBase"]
[SourceDate "2021.10.06"]
[SourceVersion "1"]
[SourceVersionDate "2021.10.06"]
[SourceQuality "1"]
[WhiteTeam "Praha Vrsovice"]
[BlackTeam "Tachov"]
[WhiteTeamCountry "CZE"]
[BlackTeamCountry "CZE"]

1. d4 Nf6 2. Nf3 e6 3. Bf4 c5 4. e3 Nc6 5. c3 cxd4 6. exd4 d6 7. Bd3 Be7 8. 0-0 0-0 9. Qc2 Re8 10. Nbd2 h6 11. Ne4 Nxe4 12. Bxe4 Bf8 13. Rfe1 Bd7 14. d5 exd5 15. Bxd5 Qf6 16. Bg3 Rxe1+ 17. Rxe1 Re8 18. Rxe8 Bxe8 19. h3 Qe7 20. Qb3 Na5 21. Qa3 Qc7 22. Nd4 Qc5 23. Qxc5 dxc5 1/2-1/2

[Event "CZE-chT2A 1314"]
[Site "Czech Republic"]
[Date "2014.01.19"]
[Round "6.4"]
[White "Sperl, Hynek"]
[Black "Jaros, Martin"]
[Result "0-1"]
[WhiteElo "2026"]
[BlackElo "2204"]
[PlyCount "156"]
[EventDate "2013.11.03"]
[EventType "team-tourn"]
[EventRounds "11"]
[EventCountry "CZE"]
[SourceTitle "EXT 2015"]
[Source "ChessBase"]
[SourceDate "2014.11.20"]
[SourceVersion "1"]
[SourceVersionDate "2014.11.20"]
[SourceQuality "1"]
[WhiteTeam "Tachov"]
[BlackTeam "Kozolupy"]
[WhiteTeamCountry "CZE"]
[BlackTeamCountry "CZE"]

1. d4 Nf6 2. c4 g6 3. Nc3 Bg7 4. e4 d6 5. Nf3 0-0 6. Be2 e5 7. 0-0 Qe8 8. dxe5 dxe5 9. b3 Qe7 10. Bb2 c6 11. Qc1 Na6 12. Re1 Rd8 13. h3 Nh5 14. a3 Nc5 15. Qc2 Nf4 16. Rad1 Rxd1 17. Rxd1 a5 18. Bf1 Be6 19. Ne2 Nxe2+ 20. Bxe2 f6 21. Bc3 Na6 22. Qb2 Bf8 23. Bxa5 Qxa3 24. Qxa3 Bxa3 25. Ra1 Bc5 26. Bc3 Nc7 27. Rxa8+ Nxa8 28. b4 Be7 29. Nd2 Nb6 30. b5 cxb5 31. cxb5 Na4 32. Ba1 Bb4 33. Nc4 Bc3 34. Bxc3 Nxc3 35. Bd3 Bxc4 36. Bxc4+ Kf8 37. b6 Nxe4 38. Bd5 Nc5 39. Kf1 Ke7 40. Ke2 Kd6 41. Bg8 h6 42. h4 g5 43. hxg5 hxg5 44. Bh7 Kc6 45. Kf3 Ne6 46. Ke4 Ng7 47. Bg6 Kxb6 48. Kd5 Kc7 49. g3 Kd7 50. Bd3 Ke7 51. Be2 Ne6 52. Bg4 Ng7 53. Bc8 b6 54. Bh3 Ne8 55. Bf5 Nd6 56. Bd3 b5 57. Be2 e4 58. g4 b4 59. Bd1 Kd7 60. Ba4+ Ke7 61. Bb3 Nb7 62. Bc2 Na5 63. Bxe4 b3 64. Kc5 b2 65. Kb4 Nb7 66. Kc3 Nc5 67. Bf5 Kd6 68. Kxb2 Ke5 69. Kc3 Ne4+ 70. Kd3 Nxf2+ 71. Ke3 Nh3 72. Kf3 Kd4 73. Bc8 Nf4 74. Bd7 Ng6 75. Bf5 Nh4+ 76. Kg3 Nxf5+ 77. gxf5 Ke5 78. Kg4 Ke4 0-1

[Event "CZE-chT2A 1314"]
[Site "Czech Republic"]
[Date "2013.11.17"]
[Round "2.1"]
[White "Sperl, Hynek"]
[Black "Kourousis, Epaminondas"]
[Result "0-1"]
[WhiteElo "2026"]
[BlackElo "2364"]
[PlyCount "144"]
[EventDate "2013.11.03"]
[EventType "team-tourn"]
[EventRounds "11"]
[EventCountry "CZE"]
[SourceTitle "EXT 2015"]
[Source "ChessBase"]
[SourceDate "2014.11.20"]
[SourceVersion "1"]
[SourceVersionDate "2014.11.20"]
[SourceQuality "1"]
[WhiteTeam "Tachov"]
[BlackTeam "Plzen Letna"]
[WhiteTeamCountry "CZE"]
[BlackTeamCountry "CZE"]

1. e4 c5 2. Nf3 Nc6 3. d4 cxd4 4. Nxd4 g6 5. Nc3 Bg7 6. Be3 Nf6 7. Be2 0-0 8. Qd2 d5 9. exd5 Nxd5 10. Nxd5 Qxd5 11. Bf3 Qe5 12. c3 Nxd4 13. cxd4 Qb5 14. Be2 Qd7 15. Bf3 Rd8 16. Rd1 Qb5 17. Be2 Qd5 18. 0-0 Qxa2 19. Qb4 Qe6 20. Bc4 Qd6 21. Qb3 Qf6 22. Rd2 b6 23. Bd5 Be6 24. Bxe6 Qxe6 25. d5 Qd7 26. Rfd1 Be5 27. h3 Rac8 28. Bd4 Bxd4 29. Rxd4 Qc7 30. Qe3 Qd6 31. b4 Rd7 32. Rc1 Rdc7 33. Rxc7 Rxc7 34. g3 a5 35. bxa5 bxa5 36. Qh6 Qc5 37. Rd1 Rd7 38. Qg5 e6 39. Qf6 Rxd5 40. Rb1 Qd6 41. Rb7 Rf5 42. Qb2 Qe5 43. Qb6 h5 44. h4 Kh7 45. Qa7 Kg7 46. Qb6 Qe1+ 47. Kg2 Qe4+ 48. Kg1 Rd5 49. Qb2+ Qd4 50. Qxd4+ Rxd4 51. Ra7 Rd1+ 52. Kg2 Ra1 53. Kf3 a4 54. Ra5 a3 55. Kg2 Kf6 56. Kf3 Ra2 57. Ke3 Ke7 58. Ra7+ Kd6 59. Rxf7 Rb2 60. Ra7 a2 61. Ra5 Kc6 62. Ra8 Kb5 63. Rb8+ Kc4 64. Rxb2 a1Q 65. Rc2+ Kd5 66. Rd2+ Ke5 67. Rc2 Qe1+ 68. Kd3 Kf5 69. Re2 Qb1+ 70. Kd2 e5 71. Re3 e4 72. Ke2 Qc1 0-1

[Event "CZE-chT2A 1213"]
[Site "Czech Republic"]
[Date "2013.02.17"]
[Round "9.8"]
[White "Fric, Pavel"]
[Black "Sperl, Hynek"]
[Result "1/2-1/2"]
[WhiteElo "2039"]
[BlackElo "2021"]
[PlyCount "94"]
[EventDate "2012.10.14"]
[EventType "team-tourn"]
[EventRounds "11"]
[EventCountry "CZE"]
[SourceTitle "EXT 2015"]
[Source "ChessBase"]
[SourceDate "2014.11.20"]
[SourceVersion "1"]
[SourceVersionDate "2014.11.20"]
[SourceQuality "1"]
[WhiteTeam "Karlovy Vary"]
[BlackTeam "Tachov"]
[WhiteTeamCountry "CZE"]
[BlackTeamCountry "CZE"]

1. e4 c5 2. Nf3 e6 3. d4 cxd4 4. Nxd4 Nc6 5. Nc3 d6 6. Be3 Nf6 7. Be2 Be7 8. Qd2 0-0 9. f3 a6 10. 0-0-0 Qc7 11. g4 b5 12. Nxc6 Qxc6 13. Bd3 Bb7 14. h4 b4 15. Ne2 Qa4 16. Kb1 d5 17. g5 Nh5 18. Rdg1 dxe4 19. fxe4 Rac8 20. b3 Qa5 21. Nf4 Nxf4 22. Bxf4 Bc5 23. Be3 Rfd8 24. Rg4 Qb6 25. Bxc5 Qxc5 26. h5 a5 27. g6 f5 28. gxh7+ Kh8 29. h6 fxg4 30. hxg7+ Kxg7 31. Qh6+ Kf7 32. Rf1+ Ke7 33. Qg7+ Kd6 34. Qxg4 Qe5 35. Rh1 Kc7 36. Rh5 Qc3 37. Qg3+ Kb6 38. Rb5+ Kc6 39. Re5 Qd4 40. Rxe6+ Rd6 41. Qg6 Rcd8 42. e5 Rxe6 43. Qxe6+ Kc7 44. Qf6 Qg1+ 45. Kb2 Qd4+ 46. Kb1 Qg1+ 47. Kb2 Qd4+ 1/2-1/2

[Event "CZE-chT2A 1213"]
[Site "Czech Republic"]
[Date "2012.12.02"]
[Round "4.7"]
[White "Sperl, Hynek"]
[Black "Svoboda, Jaroslav"]
[Result "1-0"]
[WhiteElo "2021"]
[BlackElo "1984"]
[PlyCount "69"]
[EventDate "2012.10.14"]
[EventType "team-tourn"]
[EventRounds "11"]
[EventCountry "CZE"]
[SourceTitle "EXT 2015"]
[Source "ChessBase"]
[SourceDate "2014.11.20"]
[SourceVersion "1"]
[SourceVersionDate "2014.11.20"]
[SourceQuality "1"]
[WhiteTeam "Tachov"]
[BlackTeam "Most Chess II"]
[WhiteTeamCountry "CZE"]
[BlackTeamCountry "CZE"]

1. d4 Nf6 2. c4 c5 3. Nf3 e6 4. Nc3 Nc6 5. d5 Ne7 6. e4 d6 7. Bg5 e5 8. Bd3 h6 9. Bd2 Bg4 10. h3 Bd7 11. 0-0 g5 12. Nb5 Ng6 13. b4 a6 14. Na3 b6 15. bxc5 bxc5 16. Rb1 Nf4 17. Bxf4 gxf4 18. Re1 Be7 19. Bf1 Nh7 20. Qd3 Ng5 21. Rb2 Rg8 22. Kh2 f5 23. exf5 e4 24. Rxe4 Nxe4 25. Qxe4 Kf7 26. Qxf4 Bf6 27. Re2 Qc7 28. Nc2 Rab8 29. Ne3 Rb1 30. Ng4 Bg5 31. Nxh6+ Bxh6 32. Qxh6 Rxf1 33. Ng5+ Rxg5 34. Qxg5 Ba4 35. f6 1-0

[Event "CZE-chT2A 1213"]
[Site "Czech Republic"]
[Date "2012.11.04"]
[Round "3.7"]
[White "Slampa, Jan"]
[Black "Sperl, Hynek"]
[Result "1-0"]
[WhiteElo "2024"]
[BlackElo "2021"]
[PlyCount "81"]
[EventDate "2012.10.14"]
[EventType "team-tourn"]
[EventRounds "11"]
[EventCountry "CZE"]
[SourceTitle "EXT 2015"]
[Source "ChessBase"]
[SourceDate "2014.11.20"]
[SourceVersion "1"]
[SourceVersionDate "2014.11.20"]
[SourceQuality "1"]
[WhiteTeam "Most Chess"]
[BlackTeam "Tachov"]
[WhiteTeamCountry "CZE"]
[BlackTeamCountry "CZE"]

1. e4 c5 2. Nc3 d6 3. g3 Nf6 4. Bg2 e6 5. d3 Be7 6. Nge2 Nc6 7. 0-0 0-0 8. h3 a6 9. f4 Qc7 10. g4 b5 11. Ng3 b4 12. Nce2 Bb7 13. f5 Rfe8 14. Nf4 Bf8 15. g5 Nd7 16. fxe6 fxe6 17. h4 Nde5 18. Bh3 Bc8 19. c3 bxc3 20. bxc3 Rb8 21. Be3 Qa5 22. Qc2 Qa3 23. Rf2 Qa5 24. Raf1 Qd8 25. Qe2 d5 26. d4 Nc4 27. Bc1 cxd4 28. cxd4 Nxd4 29. Qh5 Rb7 30. exd5 exd5 31. Bg2 Nb6 32. Nxd5 Bc5 33. Kh1 Be6 34. Nf6+ gxf6 35. Bxb7 Bd5+ 36. Bxd5+ Qxd5+ 37. Kh2 Rf8 38. gxf6 Qxh5 39. Nxh5 Rf7 40. Rg2+ Kh8 41. Bh6 1-0